Об одном численном методе без насыщения решения краевой задаче на отрезке (Запись № 1488274)
[ простой вид ]
| 000 -МАРКЕР | |
|---|---|
| контрольное поле | 01621nam1a2200313 i 4500 |
| 001 - ИДЕНТИФИКАТОР ЗАПИСИ | |
| контрольное поле | RU\NLR\bibl\259225 |
| 005 - ИДЕНТИФИКАТОР ВЕРСИИ | |
| контрольное поле | 20260406074446.0 |
| 035 ## - ДРУГИЕ СИСТЕМНЫЕ НОМЕРА | |
| Идентификатор записи | (NLR Aleph) 000254941 |
| 100 ## - ДАННЫЕ ОБЩЕЙ ОБРАБОТКИ | |
| Данные общей обработки | 20020506g20019999k y0rusy50 ca |
| 101 0# - ЯЗЫК РЕСУРСА | |
| Язык текста, звукозаписи и т.д. | русский |
| Язык резюме | английский |
| 102 ## - СТРАНА ПУБЛИКАЦИИ ИЛИ ПРОИЗВОДСТВА | |
| Страна публикации | Российская Федерация |
| 105 ## - ПОЛЕ КОДИРОВАННЫХ ДАННЫХ: ТЕКСТОВЫЕ МАТЕРИАЛЫ, МОНОГРАФИЧЕСКИЕ | |
| Кодированные данные о монографическом текстовом документе | y ||||||||| |
| 200 1# - ЗАГЛАВИЕ И СВЕДЕНИЯ ОБ ОТВЕТСТВЕННОСТИ | |
| Основное заглавие | Об одном численном методе без насыщения решения краевой задаче на отрезке |
| Первые сведения об ответственности | М.Б. Гавриков, М.С. Михайлова |
| 210 ## - ПУБЛИКАЦИЯ, РАСПРОСТРАНЕНИЕ И ДР. | |
| Место издания, распространения и т.д. | М. |
| Имя издателя, распространителя и т. д. | ИПМ |
| Дата издания, распространения и т.д. | 2001 |
| 215 ## - ФИЗИЧЕСКАЯ ХАРАКТЕРИСТИКА | |
| Размеры | 21 |
| 225 1# - СЕРИЯ | |
| Основное заглавие серии | Препринт |
| Сведения об ответственности | Ин-т прикл. математики Рос. акад. наук |
| Обозначение тома | ... |
| 463 #0 - УРОВЕНЬ ФИЗИЧЕСКОЙ ЕДИНИЦЫ | |
| Встроенное поле | 001253282 |
| 606 ## - НАИМЕНОВАНИЕ ТЕМЫ КАК ПРЕДМЕТ | |
| Наименование темы | Дифференциальные уравнения второго порядка |
| Тематический подзаголовок | Краевые задачи |
| -- | Численные решения |
| Системный номер авторитетной/нормативной записи | 2042350 |
| Идентификатор авторитетной/нормативной записи | RU\NLR\auth\661225703 |
| 606 ## - НАИМЕНОВАНИЕ ТЕМЫ КАК ПРЕДМЕТ | |
| Наименование темы | Дифференциальные уравнения второго порядка |
| Тематический подзаголовок | Краевые задачи |
| -- | Решение |
| -- | Численные методы |
| Системный номер авторитетной/нормативной записи | 2237606 |
| Идентификатор авторитетной/нормативной записи | RU\NLR\auth\661342809 |
| 686 ## - ИНДЕКСЫ ДРУГИХ КЛАССИФИКАЦИЙ | |
| Индекс | В192.162 |
| 700 #1 - ИМЯ ЛИЦА - ПЕРВИЧНАЯ ОТВЕТСТВЕННОСТЬ | |
| Код отношения | Автор |
| Материалы, к которым относится поле | rus |
| Графика поля | Кириллица |
| Начальный элемент ввода | Гавриков |
| Часть имени, кроме начального элемента ввода | М. Б. |
| Дополнения к именам, кроме дат | канд. физ.-мат. наук |
| Даты | 1952- |
| Расширение инициалов личного имени | Михаил Борисович |
| Идентификатор авторитетной/нормативной записи | RU\NLR\AUTH\7734628 |
| Системный номер авторитетной/нормативной записи | 17631 |
| 701 #1 - ИМЯ ЛИЦА - АЛЬТЕРНАТИВНАЯ ОТВЕТСТВЕННОСТЬ | |
| Код отношения | Автор |
| Материалы, к которым относится поле | rus |
| Графика поля | Кириллица |
| Начальный элемент ввода | Михайлова |
| Часть имени, кроме начального элемента ввода | М. С. |
| Дополнения к именам, кроме дат | спец. в обл. мат. физики |
| Расширение инициалов личного имени | Маргарита Станиславовна |
| Идентификатор авторитетной/нормативной записи | RU\NLR\auth\7734635 |
| Системный номер авторитетной/нормативной записи | 17638 |
| 801 #0 - ИСТОЧНИК ЗАПИСИ | |
| Страна | Российская Федерация |
| Организация | NLR |
| Дата составления | 20020506 |
| Правила каталогизации | PSBO |
| 801 #1 - ИСТОЧНИК ЗАПИСИ | |
| Страна | Российская Федерация |
| Организация | NLR |
| Дата составления | 20020506 |
| 852 ## - МЕСТОНАХОЖДЕНИЕ И ШИФР ХРАНЕНИЯ | |
| Идентификатор организации | NLR |
| Шифр хранения (Call Number) | 2002-4/4276 |
| 942 ## - ДОПОЛНИТЕЛЬНЫЕ ЭЛЕМЕНТЫ ЗАПИСИ (АБИС) | |
| Тип экземпляра АБИС | Книга |
Нет доступных экземпляров.